00847nam a2200253 a 450000100060000000300080000600500170001400800410003102000150007203500190008704000230010604100080012908200240013710000290016124500960019026000430028630000370032950400410036665000290040765000380043665000220047470000360049683000610053269573BD-RjUL20211209081914.0170412s1986 nyua b 001 0 eng d a047186725X a(BD-RjUL)69785 aDLCcDLCdDLCbeng aeng00223a519.5bSHE 19861 aShorack, Galen R.d1939-10aEmpirical processes with applications to statistics /cGalen R. Shorack and Jon A. Wellner. aNew York :bJohn Wiley & Sons,cc1986. axxxvii, 938 p. :bill. ;c24 cm. aIncludes bibliographies and indexes. 0aMathematical statistics. 0aDistribution (Probability theory) 0aRandom variables.1 aWellner, Jon A.d[joint author] aWiley series in probability and mathematical statistics.